| 000 | 00674nam a2200241 i 4500 | ||
|---|---|---|---|
| 001 | 10477 | ||
| 003 | ES-MaACL | ||
| 005 | 20230906145909.0 | ||
| 007 | t| | ||
| 008 | 950704s1956 sp ||||1| spa d | ||
| 080 | _a746.2/3(460) | ||
| 100 | 1 |
_aHoyos Sancho, Nieves de. _964438 |
|
| 245 | 1 | 0 |
_aBordados y encajes / _cpor Nieves de Hoyos Sancho. |
| 250 | _a2ª ed. | ||
| 260 |
_aMadrid : _bPublicaciones Españolas, _c1956. |
||
| 300 |
_a30 p. ; _c24 cm. |
||
| 490 | 1 |
_aTemas españoles ; _v30 |
|
| 650 | 4 |
_aBordado. _9156403 |
|
| 650 | 1 | 4 |
_aEncajes. _912234 |
| 830 | 0 |
_aTemas españoles ; _v30 _9178712 |
|
| 852 |
_aES-MaACL _jL-17825 |
||
| 999 |
_c10477 _d10477 |
||